Journal of International Business Studies

ग्रंथसूची विवरण
स्वरूप: इलेक्ट्रोनिक पत्रिका
भाषा:English
प्रकाशित: Palgrave Macmillan Journals
विषय:
ऑनलाइन पहुंच:Full text available on JSTOR[1970-04-01 - 2019-12-01]
Off-campus access
LEADER 01007cas a2200217 a 4500
001 AALejournalJSTOR001073
008 230228c9999 xx r poo 0 0eng d
022 |a 0047-2506 
022 |a 1478-6990 
040 |a BD-DhAAL  |c BD-DhAAL 
245 0 0 |h [electronic resource]  |a Journal of International Business Studies 
260 |b Palgrave Macmillan Journals 
300 |a 1 online resource 
362 0 |a Vol. 1,  |a no. 1 
500 |a <strong>Off-Campus Access:</strong> Athens ID and Password Required 
500 |a <strong>On-Campus Access:</strong> No User ID or Password Required 
506 |a Electronic access restricted to authorized BRAC University faculty, staff and students 
538 |a Mode of access: Internet 
650 4 |a Business ; Business & Economics 
856 4 0 |z Full text available on JSTOR[1970-04-01 - 2019-12-01]  |u https://www.jstor.org/journal/jintebusistud 
856 4 0 |z Off-campus access  |u https://go.openathens.net/redirector/bracu.ac.bd?url=https%3A%2F%2Fwww.jstor.org%2Fjournal%2Fjintebusistud